LEADER 01076nam a2200265 u 4500 001 000000009358 003 CaOOAMICUS 005 20070226105209.0 008 940516s1958 it u000 u ita u 035 $a10235593 040 $aPUL$bita 100 1 $aViollet, Jean.$0(OLS)http://pul/name/9264 245 12$aL'educazione della purezza e del sentimento. 250 $a2. ed. 260 $a[Roma] :$bEdizioni Paoline,$c[1958] 300 $a187 p. ;$c18 cm 490 1 $aPsychologica (Edizioni Paoline).$a1. Serie ;$v35 500 $aTrad. dal francese di P. Graziani. 650 4$aPsicologia educativa.$0(OLS)http://pul/subject/3457 830 0$aPsychologica (Edizioni Paoline).$n1. Serie ;$v35.$0(OLS)http://pul/title/13689 850 $aPUL 852 $aPUL$W1$xDP1 Fondo Pastorale$y55$mP19 F 33$j13268$nBK-PRI$b $qFondi$B13268$CPULBib$Z2$F13268 $HPUL309 $81 941 1 $a1 996 $6245$aL'educazione della purezza e del sentimento$9(OLS)http://pul/title/13755 996 $6260$a[Roma] :$bEdizioni Paoline$9(OLS)http://pul/publisher/51006 LEADER 01164nam a2200301 u 4500 001 000000067936 003 CaOOAMICUS 005 20070226121737.0 008 020225s1993 it u000 u ita u 020 $a8839918361 035 $a10921786 040 $aPUL(R)$bita 100 1 $aTeilhard de Chardin, Pierre,$cS.I.,$d1881-1955.$0(OLS)http://pul/name/8170 245 13$aIl cuore della materia /$cPierre Teilhard De Chardin. 260 $aBrescia :$bQueriniana,$c1993. 300 $a91 p. ;$c23 cm 490 1 $aBiblioteca di cultura ;$v6 500 $aContiene indice. 504 $aBibliografia in nota. 650 4$aReligione e scienza.$0(OLS)http://pul/subject/147 830 0$aBiblioteca di cultura (Queriniana) ;$v6.$0(OLS)http://pul/title/14202 850 $aPUL 852 $aPUL$W1$xSL Filosofia 1$y2$m96 F 64$j87931$nBK-PRI$b $qStampati$B87931$CPULBib$Z2$F87931 $H $81 941 1 $a8 961 $aINV: 70004 996 $6020$a8839918361$9(OLS)http://pul/number/88041 996 $6245$aIl cuore della materia$9(OLS)http://pul/title/89961 996 $6260$aBrescia :$bQueriniana$9(OLS)http://pul/publisher/47906